Loading...
| Fine Arts - Auditory | 2 | 2 | 0 | 0 | 50 | 38 | 75.25 | 2 | 4 | 0.00 | 0.00 |
| History - World | 1 | 3 | 0 | 0 | 45 | 76 | 88.75 | 2 | 4 | 0.00 | 0.00 |
| Science - Physics | 0 | 4 | 0 | 2 | 40 | 80 | 101.50 | 2 | 4 | 0.00 | 0.00 |
| Science - Other | 0 | 4 | 0 | 0 | 40 | 74 | 88.75 | 4 | 4 | 0.00 | 0.00 |
| Social Science | 0 | 4 | 0 | 0 | 40 | 72 | 86.00 | 3 | 4 | 0.00 | 0.00 |
| History - European | 1 | 1 | 0 | 0 | 25 | 37 | 76.00 | 2 | 2 | 0.00 | 0.00 |
| History - Other | 0 | 2 | 0 | 0 | 20 | 97 | 102.00 | 2 | 2 | 0.00 | 0.00 |
| Religion | 0 | 3 | 2 | 1 | 20 | 94 | 106.67 | 1 | 3 | 0.00 | 0.00 |
| Fine Arts - Visual | 0 | 2 | 0 | 0 | 20 | 104 | 107.00 | 2 | 2 | 0.00 | 0.00 |
| History - American | 0 | 2 | 0 | 0 | 20 | 111 | 122.00 | 1 | 2 | 0.00 | 0.00 |
| Literature - World | 1 | 0 | 0 | 0 | 15 | 61 | 61.00 | 1 | 1 | 0.00 | 0.00 |
| Fine Arts - Other | 1 | 0 | 0 | 0 | 15 | 53 | 53.00 | 1 | 1 | 0.00 | 0.00 |
| Literature - American | 0 | 2 | 1 | 1 | 15 | 82 | 108.00 | 2 | 2 | 0.00 | 0.00 |
| Philosophy | 1 | 0 | 0 | 0 | 15 | 55 | 55.00 | 1 | 1 | 0.00 | 0.00 |
| Current Events | 0 | 1 | 0 | 0 | 10 | 90 | 90.00 | 1 | 1 | 0.00 | 0.00 |
| Science - Chemistry | 0 | 1 | 1 | 0 | 5 | 54 | 54.00 | 1 | 1 | 0.00 | 0.00 |
| Science - Biology | 0 | 1 | 1 | 1 | 5 | 98 | 98.00 | 1 | 1 | 0.00 | 0.00 |
| Mythology | 0 | 1 | 2 | 0 | 0 | 98 | 98.00 | 0 | 1 | 0.00 | 0.00 |